De la eutanasia del rentista a la eutanasia del empresario (Registro nro. 25382)

Detalles MARC
000 -LEADER
fixed length control field 00333 a2200109 4500
001 - CONTROL NUMBER
control field ART_11201
005 - DATE AND TIME OF LATEST TRANSACTION
control field 20260410161855.0
008 - FIXED-LENGTH DATA ELEMENTS--GENERAL INFORMATION
fixed length control field 260409a
100 1# - MAIN ENTRY--PERSONAL NAME
Personal name Tagle, Manuel
245 10 - TITLE STATEMENT
Title De la eutanasia del rentista a la eutanasia del empresario
773 0# - HOST ITEM ENTRY
Title Revista de Economía
Related parts - Nº 37 (jun. 1983)
Record control number REV11077

No hay ítems disponibles.